| 000 | 00670nam a2200193Ia 4500 | ||
|---|---|---|---|
| 003 | GCL | ||
| 008 | 140319s9999 xx 000 0 ara d | ||
| 040 |
_aGCL / _cGCL |
||
| 082 | 0 | 4 |
_a708 _bم ب |
| 100 | 1 | _aمحمد فؤاد حلمى | |
| 245 | 1 | 0 |
_aبينالى الاسكندرية الثالث عشر لفنون دول البحر الابيض المتوسط ,26 يناير سنة 1985 / _cمحمد فؤاد حلمى |
| 260 |
_a[S.N] : _bمحافظة الاسكندرية ، _c1985 |
||
| 490 | _a | ||
| 650 | 0 | 4 | _aالاسكندرية |
| 650 | 0 | 4 | _aالرسم |
| 650 | 0 | 4 | _aبينالى الاسكندرية |
| 650 | 0 | 4 | _aالفنون - مصر |
| 942 |
_2ddc _cBK |
||
| 999 |
_c37186 _d37186 |
||